000 00991cam a2200253 i 4500
001 sa 68000602
003 DLC
005 20260227112425.0
008 811026m19659999pk b 00010 urd
010 _asa 68000602 /SA/r902
025 _aPL480:P-U-1413
040 _aDLC
_cDLC
_dDLC
050 0 0 _aLAW
100 0 0 _aTanzil-ur-Rahman,
_d1928-
245 1 0 _aMajmūʻah-yi qavānīn Islām /
_cTanzīlurraḥmān.
260 0 _aKarācī :
_bMarkazī Idārah-yi Taḥqīqāt-i Islāmī (Pākistān),
_c[1965-<[1988] >
300 _av. <1, 4-5, 7 > ;
_c25 cm.
490 0 _aSilsilah-yi mat̤būʻāt-i Idārah ;
_vnambar 5, 10
500 _aIn Urdu.
500 _aVol. 7- has imprint: Lāhaur : Pī. El. Ḍī. Pablisharz.
504 _aIncludes bibliographical references.
505 1 _a1. Qānūn-i azdavāj, nikāḥ, mihr, nafqah, qānūn-i t̤alāq. --4. Qānūn-i vaṣīyyat.--5. Qānūn-i virās̲at. --7. Islāmī qanun-i shahādat.
650 0 _aMarriage (Islamic law)
999 _c77323
_d77323